Příhody lišky Bystroušky : [opera o třech dějstvích : premiéra 28. září 1984 Janáčkovo divadlo v Brně /

Korporativní autor: Státní divadlo v Brně
Další autoři: Střelcová, Stanislava, 1955-
Jazyk: Čeština
Vydáno: V Brně : Státní divadlo, [1984]
Témata:
Fyzický popis: [8] s. : portréty ; 20 cm
Knihy
Uloženo v:
LEADER 01471nam a2200409 a 4500
001 000937334
003 CZ BrMZK
005 20090525083958.0
007 ta
008 090430s1984 xr c e 000 0 cze
020 |q (Brož.) 
040 |a BOA001  |b cze 
043 |a e-xr---  |b e-xr-jm  |2 czenas 
045 |a x-x-  |a x8x8 
080 |a 782  |2 MRF 
080 |a 792.54  |2 MRF 
080 |a (437.3)  |2 MRF 
080 |a (437.322)  |2 MRF 
080 |a (083.97)  |2 MRF 
245 0 0 |a Příhody lišky Bystroušky :  |b [opera o třech dějstvích : premiéra 28. září 1984 Janáčkovo divadlo v Brně /  |c program připravila Stanislava Střelcová] 
246 3 |a Leoš Janáček, Příhody lišky Bystroušky 
260 |a V Brně :  |b Státní divadlo,  |c [1984] 
300 |a [8] s. :  |b portréty ;  |c 20 cm 
500 |a Název z obálky 
648 7 |a 20. století  |7 ch460558  |2 czenas 
648 4 |a 1984 
650 0 7 |a opery  |7 ph123760  |z Česko  |y 20. stol.  |2 czenas 
650 0 7 |a operní inscenace  |7 ph137507  |z Česko  |y 1984  |2 czenas 
655 7 |a divadelní programy  |7 fd132033  |2 czenas 
610 2 7 |a Janáčkovo divadlo  |7 kn20010709307  |2 czenas 
651 7 |a Brno (Česko)  |7 ge134084  |2 czenas 
700 1 |a Střelcová, Stanislava,  |d 1955-  |7 mzk2007417417  |4 edt 
710 2 |a Státní divadlo v Brně  |7 ko2003207888 
910 2 |a BOA001  |b 2-1222.508 
990 |a BK 
991 |b 200905 
996 6 |b 2610378277  |c 2-1222.508  |l MZK  |r Sklad / do 1 hodiny  |n 2  |p  dar  |w 000937334  |u 000010  |a 1  |e BOA001  |j MZK50  |s P